Нормален изглед
MARC изглед
- Strauss, Johann
Вход 01. Лично име
001 - Контролен номер на записа
- Контролно поле: 25537
003 - Код на организацията, даваща контролен номер
- Контролно поле: BLK
005 - Дата и час на последна промяна на записа
- Контролно поле: 20240822114926.0
008 - Данни с фиксирана дължина – обща информация
- Данни с фиксирана дължина : 180403n| acnz|abbn | aba d
100 1# - ИМЕ НА ЛИЦЕ -ПЪРВИЧНА ИНТЕЛЕКТУАЛНА ОТГОВОРНОСТ
- Лично име: Strauss, Johann
- Дати, свързани с автора: 1825 - 1899
372 ## - Сфера на дейност
- Сфера на дейност: Композитор, цигулар, диригент. Автор на валсове и оперети.
500 ## - Допълнителна информация за лично име
- Лично име: Щраус, Йохан
942 ## - Системна служебна употреба
- Koha auth type: PERSO_NAME